La vida / (Record no. 42940)

MARC details
000 -LEADER
campo de control de longitud fija 00644nam a2200193 i 4500
001 - NÚMERO DE CONTROL
campo de control 42940
003 - IDENTIFICADOR DE NÚMERO DE CONTROL
campo de control ES-MaACL
005 - FECHA Y HORA DE LA ÚLTIMA TRANSACCIÓN
campo de control 20251015063055.0
007 - CAMPO FIJO DE DESCRIPCIÓN FÍSICA--INFORMACIÓN GENERAL
campo de control de longitud fija t|
008 - DATOS DE LONGITUD FIJA--INFORMACIÓN GENERAL
campo de control de longitud fija 030314s1963 sp ||||1| spa d
100 1# - ENTRADA PRINCIPAL--NOMBRE DE PERSONA
Nombre de persona Cellini, Benvenuto,
Fechas asociadas al nombre 1500-1571
9 (RLIN) 37369
245 13 - MENCIÓN DEL TÍTULO
Título La vida /
Mención de responsabilidad, etc. de Benvenuto Cellini ... escrita por el mismo ; [versión castellana de J. Farrán y Mayoral].
260 ## - PUBLICACIÓN, DISTRIBUCIÓN, ETC.
Lugar de publicación, distribución, etc. Barcelona :
Nombre del editor, distribuidor, etc. Planeta,
Fecha de publicación, distribución, etc. [1963]
300 ## - DESCRIPCIÓN FÍSICA
Extensión 492 p., 12 lám. ;
Dimensiones 22 cm.
600 14 - PUNTO DE ACCESO ADICIONAL DE MATERIA--NOMBRE DE PERSONA
Nombre de persona Cellini, Benvenuto,
Fechas asociadas al nombre 1500-1571
9 (RLIN) 37369
700 1# - ENTRADA AGREGADA--NOMBRE PERSONAL
Nombre de persona Farrán y Mayoral, J.
9 (RLIN) 48882
852 ## - LOCALIZACIÓN
Ubicación ES-MaACL
Número de control de estantería C-24993
Sublocalización o colección R.53897
Holdings
Estatus retirado Estado de pérdida Estado de daño No para préstamo Biblioteca de origen Biblioteca actual Ubicación en estantería Fecha de adquisición Fuente de adquisición Total de préstamos Signatura topográfica completa Código de barras Visto por última vez Precio de reemplazo Tipo de ítem Koha
        Biblioteca del Ateneo de Madrid Biblioteca del Ateneo de Madrid Depósito 2 17/01/2008     C-24993 1045197 23/02/2023 23/02/2023 Libro impreso